| 000 | 01086cam a2200301 i 4500 | ||
|---|---|---|---|
| 001 | 18158555 | ||
| 003 | USPCAS-E | ||
| 005 | 20180118181412.0 | ||
| 008 | 140521s2014 maua b 001 0 eng | ||
| 010 | _a 2014007225 | ||
| 020 | _a9780262526685 (pbk. : alk. paper) | ||
| 040 |
_aDLC _beng _cDLC _erda _dDLC |
||
| 042 | _apcc | ||
| 050 | 0 | 0 |
_aTJ267 _b.W47 2014 |
| 082 | 0 | 0 |
_a621.433 _223 _bWIL-D 2014 |
| 100 | 1 |
_aWilson, David Gordon, _d1928- |
|
| 245 | 1 | 4 |
_aThe design of high-efficiency turbomachinery and gas turbines / _cDavid Gordon Wilson and Theodosios Korakianitis. |
| 250 | _aSecond edition, with a new preface. | ||
| 300 |
_axxix, 593 pages : _billustrations ; _c23 cm |
||
| 502 | _a0 | ||
| 504 | _aIncludes bibliographical references and index. | ||
| 650 | 0 |
_aTurbomachines _xDesign and construction. |
|
| 650 | 0 |
_aGas-turbines _xDesign and construction. |
|
| 700 | 1 | _aKorakianitis, Theodosios. | |
| 906 |
_a7 _bcbc _corignew _d1 _eecip _f20 _gy-gencatlg |
||
| 942 |
_2ddc _cBK |
||
| 999 |
_c355743 _d355743 |
||